000 00582nam a22002057a 4500
999 _c262760
_d262759
003 OSt
005 20240206165228.0
008 240206b xxu||||| |||| 00| 0 eng d
010 _a 2008014687
020 _a 9780061346088 (lib. bdg.)
020 _a 9780061346071 (pbk.)
040 _cRU
050 _a PZ7.G9846
_b Mse 2008
100 _aGutman, Dan
245 _aMrs. Dole is out of control! /
_cDan Gutman ; pictures by Jim Paillot.
250 _a 1st ed.
260 _a New York :
_b HarperTrophy,
_c c2008.
300 _a103 p. ;
_b ill. ;
_c 20 cm.
942 _2lcc
_cBK